| 000 | 00601nam a2200193Ia 4500 | ||
|---|---|---|---|
| 003 | GCL | ||
| 008 | 140319s9999 xx 000 0 eng d | ||
| 020 | _a449906957 | ||
| 040 |
_aGCL / _cGCL |
||
| 082 | 0 | 4 |
_a973.7 _bU T |
| 100 | 1 | _aUNGER, IRWIN | |
| 245 | 1 | 0 |
_aINSTANT AMERICAN HISTORY : _bTHROUGH THE CIVIL WAR AND RECONSTRUCTION / _cUNGER, IRWIN |
| 260 |
_aنيويورك : _bFAWCETT CREST ، _c1999 |
||
| 300 |
_aV111, 240 P _bILL., MAPS ؛ _c20 cm. |
||
| 650 | 0 | 4 | _aCIVIL WAR |
| 650 | 0 | 4 | _aUNITED STATES - HISTORY |
| 650 | 0 | 4 | _aUNITED STATES - HISTORY - CIVIL WAR, 1861 - 1865 |
| 942 |
_2ddc _cBK |
||
| 999 |
_c4818 _d4818 |
||